| 000 | 00718nam a22002057a 4500 | ||
|---|---|---|---|
| 999 |
_c12601 _d12601 |
||
| 003 | AR-CdUCM | ||
| 008 | 190409b ||||| |||| 00| 0 spa d | ||
| 040 |
_aMUNICIPALIDAD PROVINCIAL DEL CUSCO _cBIBLIOTECA MUNICIPAL DEL CUSCO |
||
| 082 |
_aC / 869.5592 / _bC93 |
||
| 100 |
_aCuadros E., Manuel E. _99690 |
||
| 245 |
_aPaisaje y obra, mujer e historia : _bClorinda Matto de Turner / |
||
| 260 |
_aCusco : _c1949. |
||
| 300 |
_a159 páginas ; _bretrato, _c21 cm. |
||
| 505 | _aContenido: Paisaje -- Obra -- Leyendas -- Tradiciones Cuzqueñas y hojas sueltas -- Hojas sueltas ... | ||
| 650 |
_aLiteratos _9754 |
||
| 650 |
_aPerú _935 |
||
| 650 |
_aBiografía _922 |
||
| 942 |
_2ddc _cLIBROS |
||
| 945 |
_aachl _d2019-04-09 |
||